Tiếng lóng Việt Nam

Saved in:
Bibliographic Details
Main Author: Nguyễn, Văn Khang
Format: Book
Language:Undetermined
Published: Hà Nội Khoa học Xã hội 2001
Subjects:
Tags: Add Tag
No Tags, Be the first to tag this record!
Institutions: Trung tâm Học liệu Trường Đại học Cần Thơ
LEADER 00559nam a2200193Ia 4500
001 CTU_64466
008 210402s9999 xx 000 0 und d
020 |b 27000 
082 |a 495.922 
082 |b Kh106 
100 |a Nguyễn, Văn Khang 
245 0 |a Tiếng lóng Việt Nam 
245 0 |c Nguyễn Văn Khang 
260 |a Hà Nội 
260 |b Khoa học Xã hội 
260 |c 2001 
650 |a Vietnammese dictionary,Slang words 
904 |i Năm (Nguyên sửa) 
980 |a Trung tâm Học liệu Trường Đại học Cần Thơ